<?xml version="1.0" encoding="UTF-8"?>
<record
    xmlns:xsi="http://www.w3.org/2001/XMLSchema-instance"
    xsi:schemaLocation="http://www.loc.gov/MARC21/slim http://www.loc.gov/standards/marcxml/schema/MARC21slim.xsd"
    xmlns="http://www.loc.gov/MARC21/slim">

  <leader>01357nam0a22003731  4500</leader>
  <controlfield tag="001">v19\rc\1743416</controlfield>
  <controlfield tag="005">20250619084605.0</controlfield>
  <datafield tag="035" ind1=" " ind2=" ">
    <subfield code="a">(NLR Aleph) 004894013</subfield>
  </datafield>
  <datafield tag="090" ind1=" " ind2=" ">
    <subfield code="a">5301914</subfield>
    <subfield code="c">5301914</subfield>
  </datafield>
  <datafield tag="100" ind1=" " ind2=" ">
    <subfield code="a">20061204d1902    |||y0rusy50      ca</subfield>
  </datafield>
  <datafield tag="101" ind1="1" ind2=" ">
    <subfield code="a">rus</subfield>
    <subfield code="c">fre</subfield>
  </datafield>
  <datafield tag="102" ind1=" " ind2=" ">
    <subfield code="a">RU</subfield>
  </datafield>
  <datafield tag="105" ind1=" " ind2=" ">
    <subfield code="a">y   z   |||||</subfield>
  </datafield>
  <datafield tag="200" ind1="1" ind2=" ">
    <subfield code="a">&#x41E;&#x43F;&#x44B;&#x442; &#x432;&#x43E;&#x435;&#x43D;&#x43D;&#x43E;&#x439; &#x43F;&#x441;&#x438;&#x445;&#x43E;&#x43B;&#x43E;&#x433;&#x438;&#x438;, &#x438;&#x43D;&#x434;&#x438;&#x432;&#x438;&#x434;&#x443;&#x430;&#x43B;&#x44C;&#x43D;&#x43E;&#x439; &#x438; &#x43E;&#x431;&#x449;&#x435;&#x439;</subfield>
    <subfield code="e">&#x41F;&#x435;&#x440;. &#x441; &#x444;&#x440;.</subfield>
    <subfield code="f">&#x414;-&#x440; &#x41C;. &#x41A;&#x430;&#x43C;&#x43F;&#x435;&#x430;&#x43D;&#x43E; (&#x431;. &#x432;&#x43E;&#x435;&#x43D;. &#x432;&#x440;&#x430;&#x447;)</subfield>
    <subfield code="g">&#x421; &#x43F;&#x440;&#x435;&#x434;&#x438;&#x441;&#x43B;. &#x433;. &#x422;. &#x420;&#x438;&#x431;&#x43E; &#x438; &#x43F;&#x438;&#x441;&#x44C;&#x43C;&#x43E;&#x43C; &#x433;&#x435;&#x43D;. &#x41A;&#x430;&#x43D;&#x43E;&#x43D;&#x436;&#x430;</subfield>
  </datafield>
  <datafield tag="210" ind1=" " ind2=" ">
    <subfield code="a">&#x421;&#x430;&#x43D;&#x43A;&#x442;-&#x41F;&#x435;&#x442;&#x435;&#x440;&#x431;&#x443;&#x440;&#x433;</subfield>
    <subfield code="c">&#x412;. &#x411;&#x435;&#x440;&#x435;&#x437;&#x43E;&#x432;&#x441;&#x43A;&#x438;&#x439;</subfield>
    <subfield code="d">1902</subfield>
  </datafield>
  <datafield tag="215" ind1=" " ind2=" ">
    <subfield code="a">X, 147 &#x441;.</subfield>
    <subfield code="d">21</subfield>
  </datafield>
  <datafield tag="311" ind1=" " ind2=" ">
    <subfield code="a">&#x411;&#x435;&#x441;&#x43F;&#x43B;. &#x43F;&#x440;&#x438;&#x43B;. &#x43A; &#x436;&#x443;&#x440;&#x43D;. "&#x420;&#x430;&#x437;&#x432;&#x435;&#x434;&#x447;&#x438;&#x43A;" &#x437;&#x430; 1902 &#x433;.</subfield>
  </datafield>
  <datafield tag="422" ind1=" " ind2="0">
    <subfield code="1">2001#$a&#x420;&#x430;&#x437;&#x432;&#x435;&#x434;&#x447;&#x438;&#x43A;$v1902</subfield>
    <subfield code="t">&#x420;&#x430;&#x437;&#x432;&#x435;&#x434;&#x447;&#x438;&#x43A;</subfield>
  </datafield>
  <datafield tag="700" ind1=" " ind2="1">
    <subfield code="a">&#x41A;&#x430;&#x43C;&#x43F;&#x435;&#x430;&#x43D;&#x43E;</subfield>
    <subfield code="b">&#x41C;.</subfield>
  </datafield>
  <datafield tag="702" ind1=" " ind2="1">
    <subfield code="a">&#x420;&#x438;&#x431;&#x43E;</subfield>
    <subfield code="b">&#x422;.&#x410;.</subfield>
    <subfield code="f">1839-1916</subfield>
    <subfield code="g">&#x422;&#x435;&#x43E;&#x434;&#x44E;&#x43B;&#x44C; &#x410;&#x440;&#x43C;&#x430;&#x43D;</subfield>
    <subfield code="4">080</subfield>
  </datafield>
  <datafield tag="801" ind1=" " ind2="0">
    <subfield code="a">RU</subfield>
    <subfield code="b">NLR</subfield>
    <subfield code="g">psbo</subfield>
  </datafield>
  <datafield tag="801" ind1=" " ind2="0">
    <subfield code="a">RU</subfield>
    <subfield code="b">RuMoRGB</subfield>
    <subfield code="2">psbo</subfield>
  </datafield>
  <datafield tag="801" ind1=" " ind2="1">
    <subfield code="a">RU</subfield>
    <subfield code="b">ProSoft-M</subfield>
    <subfield code="2">rusmarc</subfield>
  </datafield>
  <datafield tag="852" ind1=" " ind2=" ">
    <subfield code="a">NLR</subfield>
    <subfield code="j">34.3.3.195</subfield>
  </datafield>
  <datafield tag="852" ind1=" " ind2=" ">
    <subfield code="a">NLR</subfield>
    <subfield code="j">&#x41F;&#x441;02/&#x411;-5/4</subfield>
  </datafield>
  <datafield tag="899" ind1=" " ind2=" ">
    <subfield code="a">RuMoRGB</subfield>
    <subfield code="j">G 71/249</subfield>
  </datafield>
  <datafield tag="899" ind1=" " ind2=" ">
    <subfield code="a">RuMoRGB</subfield>
    <subfield code="j">U 37/748</subfield>
  </datafield>
  <datafield tag="899" ind1=" " ind2=" ">
    <subfield code="a">RuMoRGB</subfield>
    <subfield code="j">&#x394; 466/134</subfield>
  </datafield>
  <datafield tag="899" ind1=" " ind2=" ">
    <subfield code="a">RuMoRGB</subfield>
    <subfield code="j">&#x394; 59/61</subfield>
  </datafield>
  <datafield tag="899" ind1=" " ind2=" ">
    <subfield code="a">RuMoRGB</subfield>
    <subfield code="j">&#x394; 134/131</subfield>
  </datafield>
  <datafield tag="899" ind1=" " ind2=" ">
    <subfield code="a">&#x41D;&#x411; &#x421;&#x41F;&#x431;&#x413;&#x423;</subfield>
  </datafield>
  <datafield tag="899" ind1=" " ind2=" ">
    <subfield code="a">&#x413;&#x41F;&#x418;&#x411;</subfield>
  </datafield>
  <datafield tag="942" ind1=" " ind2=" ">
    <subfield code="c">BOOK</subfield>
  </datafield>
  <datafield tag="980" ind1=" " ind2=" ">
    <subfield code="a">NB</subfield>
  </datafield>
  <datafield tag="995" ind1=" " ind2=" ">
    <subfield code="5">2013-10-26</subfield>
    <subfield code="b">NLR02</subfield>
    <subfield code="c">NLR02</subfield>
    <subfield code="e">RFS</subfield>
    <subfield code="f">4894013-10</subfield>
    <subfield code="k">34.3.3.195</subfield>
    <subfield code="o">0</subfield>
    <subfield code="r">BOOK</subfield>
    <subfield code="s">3433195_</subfield>
  </datafield>
  <datafield tag="995" ind1=" " ind2=" ">
    <subfield code="5">2013-10-26</subfield>
    <subfield code="b">NLR01</subfield>
    <subfield code="c">NLR01</subfield>
    <subfield code="e">TEMP</subfield>
    <subfield code="f">4894013-20</subfield>
    <subfield code="k">&#x41F;&#x441;02/&#x411;-5/4</subfield>
    <subfield code="o">0</subfield>
    <subfield code="r">BOOK</subfield>
    <subfield code="s">0254_</subfield>
  </datafield>
  <datafield tag="995" ind1=" " ind2=" ">
    <subfield code="5">2013-10-26</subfield>
    <subfield code="b">NLR01</subfield>
    <subfield code="c">NLR01</subfield>
    <subfield code="e">TEMP</subfield>
    <subfield code="f">4894013-80</subfield>
    <subfield code="o">0</subfield>
    <subfield code="r">BOOK</subfield>
  </datafield>
  <datafield tag="995" ind1=" " ind2=" ">
    <subfield code="5">2013-10-26</subfield>
    <subfield code="b">NLR01</subfield>
    <subfield code="c">NLR01</subfield>
    <subfield code="e">TEMP</subfield>
    <subfield code="f">4894013-90</subfield>
    <subfield code="o">0</subfield>
    <subfield code="r">BOOK</subfield>
  </datafield>
</record>
